000 01432nam a2200301 i 4500
001 169841
003 ES-MaACL
005 20250927110309.0
008 081204s1823 fr |||| | fre d
080 _a821.133.1-293
245 0 0 _aSuite du répertoire du théâtre français, avec un choix des pièces de plusieurs autres théâtres.
_pVaudevilles.
_nI /
_carrangées et mises en ordre par M. Lepeintre.
260 _aParis :
_bMme Veuve Dabo,
_c1823 (
_fSenlis)
300 _a351 p. ;
_c14 cm.
490 1 _aSuite du répertoire du théatre français ;
_v68
500 _aÍndice.
500 _aEnc. con: Suite du répertoire du théâtre français ; 67.
505 8 _aContiene: ;
_tLes amans prothée /
_rpar Patrat. --
_tArlequin afficheur ; La chaste Suzanne ; Colombine mannequin /
_rpar MM. Barré, Radet et Desfontaines. --
_tM. Guillaume /
_rpar MM. Barré, Radet, Desfontaines et Bourgueil.
597 _a2 tomos en 1 v.
700 1 _aPatrat, Joseph.
_9139011
700 1 _aBarré, Pierre-Yves.
_9139012
700 1 _aRadet, Jean-Baptiste.
_9139016
700 1 _aDesfontaines, François-Georges.
_9139015
700 1 _aBourgueil.
_9139018
700 1 _aLepeintre-Desroches, Pierre-Marie-Michel,
_d1785-1847
_9138972
830 0 _aSuite du répertoire du théatre français ;
_v68
_9188890
852 4 _aES-MaACL
_jE-12317(2)
_9R.190455
_z- Biblioteca Jacinto Martínez Lacalle
999 _c169841
_d169841